书目信息 |
| 题名: |
建筑装饰材料
|
|
| 作者: | 陈宝璠 编著 | |
| 分册: | ||
| 出版信息: | 北京 中国建材工业出版社 2010.03 |
|
| 页数: | 350页 | |
| 开本: | 26cm | |
| 丛书名: | ||
| 单 册: | ||
| 中图分类: | TU56 | |
| 科图分类: | ||
| 主题词: | 建筑材料--jian zhu cai liao--装饰材料--高等学校--教学参考资料 | |
| 电子资源: | ||
| ISBN: | 978-7-80227-636-9 | |
| 000 | 01110nam0 2200253 450 | |
| 001 | 012010171784 | |
| 005 | 20180425155643.17 | |
| 010 | @a978-7-80227-636-9@dCNY40.00 | |
| 100 | @a20100604d2010 em y0chiy0120 ea | |
| 101 | 0 | @achi |
| 102 | @aCN@b110000 | |
| 105 | @aak a 000yy | |
| 200 | 1 | @a建筑装饰材料@Ajian zhu zhuang shi cai liao@e学习指导·典型题解·习题·习题解答@f陈宝璠编著@Fchen bao fan bian zhu |
| 210 | @a北京@c中国建材工业出版社@d2010.03 | |
| 215 | @a350页@c图@d26cm | |
| 300 | @a建筑工程专业教材 | |
| 320 | @a有书目 | |
| 330 | @a本书配合《建筑装饰材料》教材编写,目的是让读者能够在短期内掌握建筑装饰材料知识的相关知识。全书分为13章,每章由学习指导、典型题解、习题、习题解答四个部分组成,学习指导是对本章知识点的总结,典型题解是让读者知道如何解题,习题包括本章知识点的名词解释、判断题、填空题、选择题、问答题。 | |
| 333 | @a高校本科类土木工程、装饰工程等专业学生, 相关技术人员 | |
| 606 | 0 | @a建筑材料@Ajian zhu cai liao@x装饰材料@x高等学校@j教学参考资料 |
| 690 | @aTU56@v4 | |
| 701 | 0 | @a陈宝璠@Achen bao fan@4编著 |
| 801 | 0 | @aCN@bQSSK@c20100604 |
| 905 | @b781507-11@dTU56@eC361@f5 | |
| 建筑装饰材料:学习指导·典型题解·习题·习题解答/陈宝璠编著.-北京:中国建材工业出版社,2010.03 |
| 350页:图;26cm |
| 建筑工程专业教材.-使用对象:高校本科类土木工程、装饰工程等专业学生, 相关技术人员 |
| ISBN 978-7-80227-636-9:CNY40.00 |
| 本书配合《建筑装饰材料》教材编写,目的是让读者能够在短期内掌握建筑装饰材料知识的相关知识。全书分为13章,每章由学习指导、典型题解、习题、习题解答四个部分组成,学习指导是对本章知识点的总结,典型题解是让读者知道如何解题,习题包括本章知识点的名词解释、判断题、填空题、选择题、问答题。 |
| ● |
| 相关链接 |
|
|
|
正题名:建筑装饰材料
索取号:TU56/C361
 
预约/预借
| 序号 | 登录号 | 条形码 | 馆藏地/架位号 | 状态 | 备注 |
| 1 | 1298661 | 212986615 | 建筑与城市规划学院资料室/ [索取号:TU56/C361] | 在馆 | |
| 2 | 781507 | 207815079 | 建筑库201/201建筑库 9排3列1层/ [索取号:TU56/C361] | 在馆 | |
| 3 | 781508 | 207815088 | 建筑库201/201建筑库 9排2列5层/ [索取号:TU56/C361] | 在馆 | |
| 4 | 781509 | 207815097 | 建筑库201/201建筑库 9排2列5层/ [索取号:TU56/C361] | 在馆 | |
| 5 | 781510 | 207815104 | 建筑库201/201建筑库 9排2列5层/ [索取号:TU56/C361] | 在馆 | |
| 6 | 781511 | 207815113 | 建筑库201/201建筑库 9排2列5层/ [索取号:TU56/C361] | 在馆 |